| 000 | 00389nam a2200157Ia 4500 | ||
|---|---|---|---|
| 008 | 220216s9999 xx 000 0 und d | ||
| 100 | _aCollier H M | ||
| 245 | 0 | _aPolybag collection trial on Bahau estate | |
| 260 |
_bPlanters Bulletin _c1969 |
||
| 300 | _a173-182 | ||
| 650 | _aPolybag collection | ||
| 650 | _aRainguards | ||
| 650 | _aTapping | ||
| 700 | _aMorgan F A | ||
| 942 | _cJS | ||
| 999 |
_c65229 _d65229 |
||